00322nam a22001217a 4500008004100000020001800041041000800059080000800067082000800075100000700083101000800090245010200098210505b ||||| |||| 00| 0 eng d a9789951001793 aeng a721 a721 a41 aNDE aPermbledhje detyrash te Zgjidhura nga Rezidenca e Materialeve IcFetah S.Jagxhiu Arton D. Dautaj